000 00883nam a2200253 a 4500
001 BRCA_3461
005 20190320204308.0
041 _aeng
044 _aenk
084 _a750
_b.L66
_c1678
245 1 0 _aThe Mock-Clelia being a Comical History of French Gallantries, and Novels in Imitation of Dom Quixote.
260 _aLondres
_bL. O.
_c1678
300 _a396 p.
_bil.
_c19 cm.
500 _aEdición : Traslated out of French
500 _aSátira de las galanterías francesas. Piel Lúdovik Osterc
546 _aTexto en : inglés
650 1 4 _aNovela española
_yÉpoca clásica, 1500-1700
_9215
650 1 4 _aLiteratura española
_yÉpoca clásica, 1500-1700
_9216
650 1 4 _aNovela española
_ySiglo XVII
_9217
650 1 4 _aDon Quijote (Personaje ficticio)
_eNovela
_9218
740 0 _aEl Ingenioso Hidalgo Don Quijote de la Mancha
902 _aQFM
942 _2lcc
_cB
999 _c3197
_d3197